000
00257nam a22001097a 4500
003
OSt
005
20260220135925.0
008
210119b ||||| |||| 00| 0 eng d
082
_a
670.423
_b
GEN
245
_a
General Engineering workshop practices
942
_c
BK
999
_c
16734
_d
16734